Jonah Hill Filmography - Statistics

General Stats
  • This quiz has been taken 210 times
    66 since last reset
  • The average score is 19 of 80
Answer Stats
Type Year Name % Correct
Film 2007 Superbad
97%
Film 2013 The Wolf of Wall Street
87%
Film 2012 21 Jump Street
81%
Film 2014 22 Jump Street
81%
Film 2016 War Dogs
71%
Film 2011 Moneyball
68%
Film 2013 This Is the End
68%
Film 2010 Get Him to the Greek
52%
Film 2005 The 40-Year-Old Virgin
48%
Film 2008 Forgetting Sarah Marshall
45%
TV Show 2008-2018 Saturday Night Live
45%
Film 2007 Knocked Up
42%
Film 2016 Sausage Party
42%
Film 2006 Accepted
39%
Director 2018 Mid90s
39%
Film 2009 Funny People
35%
Film 2010 How to Train Your Dragon
35%
Film 2019 How to Train Your Dragon: The Hidden World
35%
Film 2012 The Watch
35%
Film 2012 Django Unchained
32%
Film 2021 Don't Look Up
32%
Film 2014 How to Train Your Dragon 2
32%
Film 2014 The Lego Movie
32%
Web Mini-Series 2018 Maniac
29%
Film 2010 Megamind
29%
Film 2019 The Lego Movie 2: The Second Part
29%
TV Show 2009 The Simpsons
29%
Film 2009 Night at the Museum: Battle of the Smithsonian
26%
Film 2011 The Sitter
26%
Film 2023 You People
26%
Film 2006 Grandma's Boy
23%
Film 2016 Hail, Caesar!
23%
Film 2006 Click
19%
Film 2018 Don't Worry, He Won't Get Far on Foot
19%
Film 2008 Horton Hears a Who!
19%
Film 2004 I ♥ Huckabees
19%
Film TBA Outcome
19%
Film 2019 The Beach Bum
19%
Film 2010 Cyrus
16%
Film 2008 Strange Wilderness
16%
Documentary 2022 Stutz
16%
Film 2009 The Invetion of Lying
16%
Film 2017 The Lego Batman Movie
16%
Film 2007 Walk Hard: The Dewey Cox Story
16%
Film 2006 10 Items or Less
13%
TV Show 2020 Curb Your Enthusiasm
13%
Film 2008 Just Add Water
13%
Film 2007 Rocket Science
13%
Film 2015 True Story
13%
Director 2017 Ain't It Funny
10%
TV Show 2004 NYPD Blue
10%
Director 2019 Sunflower
10%
Director 2019 Wake Up
10%
Commercial 2020 Adidas
6%
TV Show 2011 Allen Gregory
6%
TV Show 2017 Animals.
6%
TV Show 2006 Campus Ladies
6%
TV Show 2006 Clark and Michael
6%
TV Special 2013 Comedy Central Roast of James Franco
6%
Short Film 2011 Gift of the Night Fury
6%
Director 2011 Gonna Get Over You
6%
Music Video 2019 Harmony Hall
6%
TV Show 2007 Human Giant
6%
Video Game 2010 Megamind: Mega Team Unite
6%
TV Show 2009 Reno 911!
6%
TV Show 2018 The Shivering Truth
6%
TV Show 2009 Tim and Eric Awesome Show, Great Job!
6%
Web Series 2007 Wainy Days
6%
Director 2022 Winning Time: The Rise of the Lakers Dynasty
6%
Documentary 2023 Albert Brooks: Defending My Life
3%
TV Show 2009 American Idol
3%
Commercial 2020 Coca-Cola
3%
Web Series 2013 DreamWorks How to Train Your Dragon Legends
3%
TV Show 2004 House
3%
TV Short 2010 Legend of Boneknapper Dragon
3%
Short Film 2005 Pancho's Pizza
3%
TV Show 2007 Reel Comedy
3%
Commercial 2018 Oculus
0%
Commercial 2016 Sabra
0%
Film TBA The Grateful Dead
0%
No matching quizzes found
Score Distribution
Percent of People with Each Score
Percentile by Number Answered
Your Score History
You have not taken this quiz since the last reset